000 00441nam a2200145 i 4500
001 44014
003 ES-MaACL
005 20230906160930.0
007 t|
008 030320s1930 sp ||||1| spa d
245 0 0 _aCiclo de conferencias /
_corganizadas y editadas por la Asociación Española de Ingenieros y Técnicos de Telecomunicación.
260 _aMadrid :
_bDiana,
_c1930.
300 _a352 p. ;
_c24 cm.
852 _aES-MaACL
_jA-152
999 _c44014
_d44014